| 000 | 01611nam0a2200313 i 4500 | ||
|---|---|---|---|
| 001 | RU\NLR\bibl\1998331 | ||
| 005 | 20260408092602.0 | ||
| 010 | _a9785903733194 | ||
| 035 | _a(NLR Aleph) 001986686 | ||
| 090 |
_a4166845 _c4166845 |
||
| 100 | _a20130208d2012 u y0rusy50 ca | ||
| 101 | 0 | _arus | |
| 102 | _aRU | ||
| 105 | _ay ||||||||| | ||
| 200 | 1 |
_aТелефонная связь: прошлое, настоящее, будущее _e[материалы Пятых научных чтений памяти А.С. Попова, посвященных Дню радио - празднику работников всех отраслей связи], 5 мая 2012 г. _f[науч. ред.: к.т.н. Н.А. Борисова] |
|
| 210 |
_aСанкт-Петербург _cЦентральный музей связи _d2012 |
||
| 215 |
_a111 с _d20 |
||
| 300 | _aВ надзаг.: Центр. музей связи им. А.С. Попова | ||
| 320 | _aБиблиогр. в конце ст. | ||
| 606 | 1 |
_aТелефонная связь _jСъезды, совещания и т.п. _91017702 _3RU\NLR\auth\66388407 |
|
| 686 | _aЗ882я434 | ||
| 702 | 1 |
_4340 _7ca _8rus _aБорисова _bН. А. _cд-р ист. наук, канд. техн. наук _gНина Александровна _974389 _3RU\NLR\AUTH\7791462 |
|
| 711 | 1 | 2 |
_aНаучные чтения памяти А. С. Попова _d5 _eСанкт-Петербург _f2012 _9349538 _3RU\NLR\AUTH\8810232232 |
| 801 | 0 |
_aRU _bNLR _c20130208 _gRCR |
|
| 801 | 1 |
_aRU _bNLR _c20130208 |
|
| 942 | _cBOOK | ||
| 980 | _aNBR | ||